Natural disaster reduction (Record no. 478924)

000 -LEADER
fixed length control field 00483cam a22001577a 4500
008 - FIXED-LENGTH DATA ELEMENTS--GENERAL INFORMATION
fixed length control field 180718b1993 xxu||||| |||| 00| 0 eng d
020 ## - INTERNATIONAL STANDARD BOOK NUMBER
International Standard Book Number 818597215x
082 ## - DEWEY DECIMAL CLASSIFICATION NUMBER
Classification number N6000 In2
245 ## - TITLE STATEMENT
Title Natural disaster reduction
Statement of responsibility, etc. edited by Girish K. Misra and G.C. Mathur
260 ## - PUBLICATION, DISTRIBUTION, ETC.
Place of publication, distribution, etc. Delhi
Name of publisher, distributor, etc. S.K. Bhatia
Date of publication, distribution, etc. 1993
300 ## - PHYSICAL DESCRIPTION
Extent 269p.
650 ## - SUBJECT ADDED ENTRY--TOPICAL TERM
Topical term or geographic name entry element Disasters
700 ## - ADDED ENTRY--PERSONAL NAME
Personal name Indian Institute of Public Administration, Centre for Urban Studies
700 ## - ADDED ENTRY--PERSONAL NAME
Personal name Mathur, G.C.
700 ## - ADDED ENTRY--PERSONAL NAME
Personal name Misra, Girish K.
Holdings
Withdrawn status Lost status Damaged status Not for loan Permanent Location Current Location Date acquired Full call number Barcode Date last seen Price effective from Koha item type
        Indian Institute of Public Administration Indian Institute of Public Administration 2018-08-04 N6000 In2 GR16848 2018-08-04 2018-08-04 GR
        Indian Institute of Public Administration Indian Institute of Public Administration 2018-08-04 N6000 In2 GR14131 2018-08-04 2018-08-04 GR
        Indian Institute of Public Administration Indian Institute of Public Administration 2018-08-04 N6000 In2 GR12860 2018-08-04 2018-08-04 GR
        Indian Institute of Public Administration Indian Institute of Public Administration 2018-08-04 N6000 In2 GR12859 2018-08-04 2018-08-04 GR

Powered by Koha